Algunos datos sobre la gestión cultural actual /
Kaydedildi:
| Müşterek Yazar: | |
|---|---|
| Materyal Türü: | Bilinmiyor |
| Dil: | Spanish |
| Baskı/Yayın Bilgisi: |
Cuba :
Ministerio de Cultura,
1991.
|
| Konular: | |
| Etiketler: |
Etiketle
Etiket eklenmemiş, İlk siz ekleyin!
|
MARC
| LEADER | 000000000a22000000004500 | ||
|---|---|---|---|
| 001 | 001794 | ||
| 041 | 0 | |a spa | |
| 082 | 0 | 4 | |a 972.91 |b C962a |
| 110 | 1 | |a Cuba. |b Ministerio de Cultura | |
| 245 | 1 | 0 | |a Algunos datos sobre la gestión cultural actual / |c Ministerio de Cultura de Cuba. |
| 260 | 1 | |a Cuba : |b Ministerio de Cultura, |c 1991. | |
| 300 | |a 23 páginas | ||
| 650 | 4 | |a CULTURA | |
| 650 | 4 | |a CUBA | |
| 650 | 4 | |a POLITICA CULTURAL | |
| 999 | |c 8458 |d 8458 | ||
| 942 | |c BK |h 972.91 C962a |2 z | ||
